Normal view
MARC view
Entry Topical Term
001 - CONTROL NUMBER
- control field: 21135
003 - CONTROL NUMBER IDENTIFIER
- control field: ARRUPE
005 - DATE AND TIME OF LATEST TRANSACTION
- control field: 20151119105923.0
008 - FIXED-LENGTH DATA ELEMENTS
- fixed length control field: 151119|| aca||aabn | a|a d
040 ## - CATALOGING SOURCE
- Original cataloging agency: ARRUPE
- Transcribing agency: ARRUPE
150 ## - HEADING--TOPICAL TERM
- Topical term or geographic name as entry element: Democracy
670 ## - SOURCE DATA FOUND
- Source citation: Work cat.: (ARRUPE): Tocqueville, Alexis de. 9356, De la democratie en Amerique, 1981